Elements of discrete mathematics / (Record no. 7381)

MARC details
000 -LEADER
fixed length control field 00765nam a2200265 4500
001 - CONTROL NUMBER
control field 4126557
005 - DATE AND TIME OF LATEST TRANSACTION
control field 20250407151006.0
007 - PHYSICAL DESCRIPTION FIXED FIELD--GENERAL INFORMATION
fixed length control field 000
008 - FIXED-LENGTH DATA ELEMENTS--GENERAL INFORMATION
fixed length control field 000
010 ## - LIBRARY OF CONGRESS CONTROL NUMBER
LC control number 76050063
020 ## - INTERNATIONAL STANDARD BOOK NUMBER
International Standard Book Number 0070381313
040 ## - CATALOGING SOURCE
Original cataloging agency UOEL
Transcribing agency DLC
Modifying agency DLC
050 00 - LIBRARY OF CONGRESS CALL NUMBER
Classification number QA164
Item number .L58 1977
082 00 - DEWEY DECIMAL CLASSIFICATION NUMBER
Classification number 511
100 1# - MAIN ENTRY--PERSONAL NAME
Personal name Liu, C. L.
Fuller form of name (Chung Laung),
Dates associated with a name 1934-
245 10 - TITLE STATEMENT
Title Elements of discrete mathematics /
Statement of responsibility, etc C. L. Liu.
260 ## - PUBLICATION, DISTRIBUTION, ETC. (IMPRINT)
Place of publication, distribution, etc New York :
Name of publisher, distributor, etc McGraw-Hill,
Date of publication, distribution, etc c1977.
300 ## - PHYSICAL DESCRIPTION
Extent x, 294 p. :
Other physical details ill. ;
Dimensions 25 cm.
490 0# - SERIES STATEMENT
Series statement McGraw-Hill computer science series
504 ## - BIBLIOGRAPHY, ETC. NOTE
Bibliography, etc Includes bibliographies and index.
650 #0 - SUBJECT ADDED ENTRY--TOPICAL TERM
Topical term or geographic name as entry element Combinatorial analysis.
General subdivision Mathematics
Topical term or geographic name as entry element Algebra, Abstract.
General subdivision Mathematics
906 ## - LOCAL DATA ELEMENT F, LDF (RLIN)
a 7
b cbc
c orignew
d 1
e ocip
f 19
g y-gencatlg
942 ## - ADDED ENTRY ELEMENTS (KOHA)
Source of classification or shelving scheme Library of Congress Classification
Item type BOOK
Holdings
Withdrawn status Lost status Source of classification or shelving scheme Damaged status Not for loan Home library Current library Shelving location Date acquired Total Checkouts Full call number Barcode Date last seen Copy number Price effective from Koha item type
    Library of Congress Classification     UOE Main Library UOE Main Library Open shelf 13/05/2015   QA164 .L58 1977 10044060 27/04/2026 10044060 13/05/2015 Loan - Normal on open shelf